000 00655nam a2200229 a 4500
001 43213
003 BD-RjUL
005 20211209053649.0
008 160620s1995 ii 001 0 eng d
020 _a8171693458
035 _a(BD-RjUL)43331
040 _aBD-RjUL
_beng
_cBD-RjUL
_dBD-RjUL
041 _aeng
082 _a372.241
_220
_bWOM 1995
245 0 0 _aWomen in higher education /
_cedited by Usha sharma, B.M. sharma
260 _aDelhi :
_aCommonweath publications,
_c1995
300 _ax, 376 p ;
_c21 cm.
650 0 _aWomen Education
_zIndia
_9132722
700 1 _aSharma, Usha
_9127057
700 1 _aSharma, B.M.
_9132723
942 _2ddc
_cBK
999 _c43213
_d43213